000 00911cam a2200289Ka 4500
001 46569
005 20230410105613.0
008 981021s1973 mx b 000 0 spa d
035 _a(OCoLC)ocm40145809
040 _aUBP
_bspa
_cUBP
_dOCLCQ
020 _a9682440564
020 _a9789682440564
035 _a(OCoLC)40145809
050 1 4 _aHD 30.3
_bF634h 1973
100 1 _aFlores de Gortari, Sergio.
245 1 0 _aHacia una comunicación administrativa integral /
_cSergio Flores de Gortari y Emiliano Orozco Gutiérrez.
250 _a2a ed.
260 _aMéxico :
_bTrillas,
_c1973
300 _a369 p. :
_bil. ;
_c23 cm.
504 _aIncluye referencias bibliográficas (p. [351]-354).
650 0 _aCommunication in management.
650 4 _aComunicación en administración.
700 1 _aOrozco Gutiérrez, Emiliano,
_ecoaut.
942 _2lcc
_cbk
946 _amfcruz
994 _aC0
_bDRFGD
999 _c40138
_d40138